Stigma and culture (Registro nro. 310843)

Detalles MARC
000 -ENCABEZADO
Número de control [NR] 01677cam a2200325Mc 4500
001 - NÚMERO DE CONTROL
control field ocn939388161
005 - FECHA Y HORA DE LA ÚLTIMA TRANSACCIÓN
control field 20181130143945.0
008 - DE LONGITUD FIJA DE DATOS DE ELEMENTOS - INFORMACIÓN GENERAL
Elementos de longitud fija [NR] 181130s2015 enka b 001 0 eng d
010 ## - NUMERO DE CONTROL DE LA BIBLIOTECA DEL CONGRESO (LC) [NR]
Número de control LC [NR] 2015008736
020 ## - NUMERO INTERNACIONAL NORMALIZADO PARA LIBROS [R]
Número Internacional Normalizado del libro [NR] 9780226297569
020 ## - NUMERO INTERNACIONAL NORMALIZADO PARA LIBROS [R]
ISBN Cancelado/ Invalidado [R] 022629756X
020 ## - NUMERO INTERNACIONAL NORMALIZADO PARA LIBROS [R]
Número Internacional Normalizado del libro [NR] 9780226297736
020 ## - NUMERO INTERNACIONAL NORMALIZADO PARA LIBROS [R]
ISBN Cancelado/ Invalidado [R] 022629773X
029 0# - OTRO SISTEMA DE NÚMERO DE CONTROL (OCLC)
OCLC library identifier DKDLA
System control number 820010-katalog:6213035
035 ## - NUMERO DE CONTROL DEL SISTEMA [R]
Número de control del sistema [NR] (OCoLC)939388161
040 ## - FUENTE DE CATALOGACION [NR]
Agencia de catalogación original [NR] Co-BoUCM
Idioma de catalogación [NR] spa
Quien Cataloga Saul Niño
Quien Clasifica Saul Niño
041 0# - CODIGO DE IDIOMA [R]
Código de idioma para texto/pista de sonido o título separado [R] Inglés
245 00 - MENCION DE TITULO [NR]
Título [NR] Stigma and culture
Parte restante del título [NR] last-place anxiety in Black America
Mención de responsabilidad, etc. [NR] J. Lorand Matory ; with a foreword by Thomas P. Gibson
260 ## - PUBLICACION, DISTRIBUCION, ETC. (PIE DE IMPRENTA) [R]
Lugar de publicación, distribución, etc. [R] Chicago
-- London
Nombre del editor, distribuidor, etc. [R] The University of Chicago Press
Fecha de publicación, distribución, etc. [R] 2015
300 ## - DESCRIPCION FISICA [R]
Extensión [R] xii, 529 páginas
Otros detalles físicos [NR] ilustraciones
505 0# - NOTA DE CONTENIDO CON FORMATO PREESTABLECIDO [R]
Nota de contenido con formato preestablecido [NR] Fathers: how shall I see you through my tears? -- The university in black, white, and ambivalence: the hidden curriculum -- Islands are not isolated: schools, scholars, and the political economy of Gullah/Geechee ethnicity -- A complexion or a culture? : debate as identity among African-descended Indians and Louisiana Creoles of color -- Islands of the mind: the mythical anthropology of the Caribbean -- Heaven and hell: American Africans and the image of home -- Conclusion: "through a glass, darkly"
600 14 - ASIENTO SECUNDARIO DE MATERIA - NOMBRE PERSONAL [R]
Nombre personal [NR] Matory, James Lorand
9 (RLIN) 94727
Subdivisión general [R] Crítica e interpretación
650 #7 - ASIENTO SECUNDARIO DE MATERIA - TERMINO TEMATICO [R]
Término temático o nombre geográfico como elemento de entrada [NR] Profesores universitarios
9 (RLIN) 22476
650 #7 - ASIENTO SECUNDARIO DE MATERIA - TERMINO TEMATICO [R]
Término temático o nombre geográfico como elemento de entrada [NR] Estigma (Psicología social)
9 (RLIN) 15083
Subdivisión general [R] Afroamericanos
650 #7 - ASIENTO SECUNDARIO DE MATERIA - TERMINO TEMATICO [R]
Término temático o nombre geográfico como elemento de entrada [NR] Negros
Subdivisión general [R] Identidad racial
9 (RLIN) 20180
650 #7 - ASIENTO SECUNDARIO DE MATERIA - TERMINO TEMATICO [R]
Término temático o nombre geográfico como elemento de entrada [NR] Afroamericanos
Subdivisión general [R] Aspectos sociales
9 (RLIN) 7255
700 1# - ASIENTO SECUNDARIO - NOMBRE PERSONAL [R]
Nombre personal [NR] Matory, James Lorand
9 (RLIN) 94727
942 ## - ELEMENTOS DE ENTRADA AGREGADOS (KOHA)
Sistema de clasificación DEWEY
Tema principal Sociología
Tipo de ítem principal el descrito en 300a Libro
Edición 1
Clasificación 305.896073
Parte restante de la signatura top. S855c
Existencias
Fecha de último préstamo Total préstamos Signatura topográfica Código de barras Última vez visto Ejemplar Costo de reposición Price effective from Tipo de ítem Perdido Sistema de clasificación Dañado No prestable Tipo de ítem específico Suprimido Ubicación habitual Ubicación actual Localización Fecha de creación Proveedor Forma de adquisición Costo
07/06/2019 3 305.896073 S855c 100158796 09/12/2025 Ej.1 108877.00 20/11/2018 Libro   DEWEY     Libro   Claustro Claustro 2do piso 20/11/2018 19 Compra 108877.00